Il problema della conoscenza: filosofía della conoscenza e fondamenti de filosofía della scienza

Gespeichert in:
Bibliographische Detailangaben
1. Verfasser: Blandino, Giovanni (VerfasserIn)
Format: Buch
Sprache:Italienisch
Veröffentlicht: Roma Abete 1972
Schlagworte:
Tags: Tag hinzufügen
Keine Tags, Fügen Sie den ersten Tag hinzu!

MARC

LEADER 00000nam a2200000 a 4500
001 UCZ4582
003 CL-VaPUC
008 951110e19720000IT |||||||||||||||||ita|d
082 0 4 |a 121  |b BLA  |2 21 
100 0 |a Blandino, Giovanni  |e author  |9 348588 
245 1 3 |a Il problema della conoscenza: filosofía della conoscenza e fondamenti de filosofía della scienza 
300 |a 470 p 
942 |c BK 
945 |d 19951110 00:00:00  |a cmena 
260 |a Roma  |b Abete  |c 1972 
650 0 |a Teoría del conocimiento   |9 255038 
650 0 |a Epistemología   |9 264994 
650 0 |a Cognición   |9 270347 
650 0 |a Inteligencia  |9 267038 
650 0 |a Procesos mentales superiores  |9 330839 
650 0 |a Filosofía de las ciencias  |9 256466 
583 |a last modification  |c 19951110 00:00:00  |k Rodrigo Vera 
999 |c 240952  |d 240950 
952 |0 0  |1 0  |4 0  |6 121_000000000000000_BLA_1972  |7 0  |8 P  |9 253081  |a BIBEDU  |b BIBEDU  |c BIBEDU_PB  |d 2019-11-19  |i 1596144  |o 121 BLA 1972  |p 1596144  |r 2024-01-25  |w 2019-11-19  |y BK  |k FIL